Síntesis de la legislación ambiental en Panamá, República Dominicana y Nicaragua / (Registro nro. 188939)
[ vista simple ]
| 000 -LEADER | |
|---|---|
| campo de control de longitud fija | 01191nam a2200229 i 4500 |
| 001 - NÚMERO DE CONTROL | |
| campo de control | 188939 |
| 003 - IDENTIFICADOR DE NÚMERO DE CONTROL | |
| campo de control | ES-MaACL |
| 005 - FECHA Y HORA DE LA ÚLTIMA TRANSACCIÓN | |
| campo de control | 20251220174433.0 |
| 008 - DATOS DE LONGITUD FIJA--INFORMACIÓN GENERAL | |
| campo de control de longitud fija | 190304s1982 sp |||| | spa d |
| 100 1# - ENTRADA PRINCIPAL--NOMBRE DE PERSONA | |
| Nombre de persona | Azuela de La Cueva, Antonio. |
| 9 (RLIN) | 166514 |
| 245 10 - MENCIÓN DEL TÍTULO | |
| Título | Síntesis de la legislación ambiental en Panamá, República Dominicana y Nicaragua / |
| Mención de responsabilidad, etc. | Antonio Azuela. |
| 260 ## - PUBLICACIÓN, DISTRIBUCIÓN, ETC. | |
| Lugar de publicación, distribución, etc. | [Madrid : |
| Nombre del editor, distribuidor, etc. | CIFCA, |
| Fecha de publicación, distribución, etc. | 1982?] |
| 300 ## - DESCRIPCIÓN FÍSICA | |
| Extensión | 19 p. ; |
| Dimensiones | 30 cm. |
| 490 1# - MENCIÓN DE SERIE | |
| Mención de serie | Opiniones. Ordenamiento jurídico ; |
| Designación de volumen o secuencia | 8 |
| 594 ## - Nota al título y mención de responsabilidad | |
| Nota al título y mención de responsabilidad | Documento presentado en el Seminario sobre Medio Ambiente y Ordenamiento Jurídico, celebrado del 25 de febrero al 2 de marzo de 1982 en Mérida (Venezuela), organizado por el CIFCA y el Ministerio del Ambiente y de los Recursos Naturales Renovables de Venezuela, con la colaboración del CIDIAT. |
| 650 #4 - PUNTO DE ACCESO ADICIONAL DE MATERIA--TÉRMINO DE MATERIA | |
| Término de materia o nombre geográfico como elemento de entrada | Derecho ambiental- |
| Subdivisión geográfica | América Latina. |
| 9 (RLIN) | 166493 |
| 710 2# - ENTRADA AGREGADA--NOMBRE DE ENTIDAD CORPORATIVA | |
| Nombre de entidad corporativa o nombre de jurisdicción como elemento de entrada | Centro Internacional de Formación en Ciencias Ambientales (Madrid) |
| 9 (RLIN) | 166480 |
| 711 2# - ENTRADA AGREGADA--NOMBRE DE REUNIÓN | |
| Nombre de congreso/reunión o jurisdicción como elemento de entrada | Seminario sobre Medio Ambiente y Ordenamiento Jurídico |
| Fecha del congreso o de la firma del tratado | (1982. |
| Sede del congreso/Lugar de la reunión | Mérida (Venezuela) |
| 9 (RLIN) | 166494 |
| 830 1# - PUNTO DE ACCESO ADICIONAL DE SERIE-TÍTULO UNIFORME | |
| Título uniforme | Opiniones. Ordenamiento jurídico ; |
| Designación de volumen o secuencia | 8 |
| 9 (RLIN) | 193220 |
| 852 ## - LOCALIZACIÓN | |
| Ubicación | ES-MaACL |
| Número de control de estantería | P-467-8 |
| Estatus retirado | Estado de pérdida | Estado de daño | No para préstamo | Biblioteca de origen | Biblioteca actual | Ubicación en estantería | Fecha de adquisición | Fuente de adquisición | Total de préstamos | Signatura topográfica completa | Código de barras | Visto por última vez | Precio de reemplazo | Tipo de ítem Koha |
|---|---|---|---|---|---|---|---|---|---|---|---|---|---|---|
| Biblioteca del Ateneo de Madrid | Biblioteca del Ateneo de Madrid | Depósito 2 | 04/03/2019 | P-467-8 | 1200088 | 23/02/2023 | 23/02/2023 | Libro impreso |
